00437cam a2200157ua 450000100060000000800390000602000180004504000090006308200110007210000310008324500530011425000140016726000480018130000100022965300400023910557190316n ii |||gr||||Z||||||eng a9780195649598 cMAIN a342.54 aGranville Austin,eAuthor. aThe indian constitutionbcornerstone of a nation a33rd imp. aNew Delhi:bOxford university press,c2018. a488p. aConstitutional & administrative law